00343nam a22001097a 4500999001900000020001500019100001800034245003100052260003700083942000700120952010600127 c263797d263796 a0590120565 aClement Moore aThe night before Christmas aNew York bScholastic INCc 1998 cBK 001040708FICa40404b40404cCHILDd2024-06-11l0pCL/051/2021r2024-06-11 00:00:00w2024-06-11yBK